000 02056nam0a2200385 i 4500
001 RU\NLR\bibl\1959414
005 20260407094216.0
010 _a9785910501106
_91300
021 _aRU
_b2012-74718
_95533
035 _a(nilc)RSL-KNO-005505613
035 _a(NLR Aleph) 001948447
090 _a3661898
_c3661898
100 _a20121008d2011 u c0rusy50 ca
101 0 _arus
102 _aRU
105 _aa zzzz|||||
200 1 _aНаша гордость и наше наследие, слава той, незабытой страны...
_eк 75-летию учреждения звания "Герой Советского Союза"
_fАдминистрация Краснодарского края
210 _aКраснодар
_cДиапазон-В
_d2011
215 _a144, [8] л. ил., портр., цв. ил.
_cил., портр.
_d29
606 1 _aВеликая Отечественная война
_xГерои Советского Союза
_yКраснодарский край
_z1941 - 1945
_92122937
_3RU\NLR\auth\661585443
606 1 _aКавалеры Ордена Славы
_yКраснодарский край
_92122940
_3RU\NLR\auth\661585445
606 1 _aВеликая Отечественная война
_xГерои Советского Союза
_xУвековечение памяти
_yКраснодарский край
_z1941 - 1945
_92122938
_3RU\NLR\auth\661585444
606 1 _aГерои Российской Федерации
_yКраснодарский край
_92276373
_3RU\NLR\auth\661364115
686 _aТ3(2)722.782Кубань.я2
_2rubbk
686 _aЦ35(2)722-424д(2Р-4Кр)
686 _aЦ35(2)722-424д.л(2Р-4Кр)6
686 _aЦ4,6(2Р)243д(2Р-4Кр)
686 _aТ3(2)722.782(2Р-4Кр)
712 0 1 _4570
_aКраснодарский край
_bАдминистрация
_3RU\NLR\AUTH\889918336
_9332791
801 0 _aRU
_bRuMoRKP
_c20121008
_grcr
801 1 _aRU
_bРГБ
_c20121008
801 2 _aRU
_bNLR
_c20121024
_grcr
942 _cBOOK
980 _aNBR